00690nam a2200217Ia 4500008004100000050001400041050001500055100003000070245001700100245006500117245010100182260003100283260001000314260001000324300001500334300002000349300001100369500005600380521002300436650001300459160517s9999 xx 000 0 und d aG 155.A1  b.B482 2016 aBeran, Maria Catherina B. aFat chains : ba web series showcasing cycling as a recreational activity / cMaria Catherina B. Beran, Marcus Edgard T. Conferido, Kevin C. Raqueno, Malia Vannessa B. Reyes. aLas Piñas, Philippines : bSISC, c2016. a62 pages : billustrations ; c28 cm. aIncludes bibliographical references and appendices. aMass Communication aCycling.